| 000 | 00806nam a22002417a 4500 | ||
|---|---|---|---|
| 999 |
_c109311 _d109311 |
||
| 005 | 20200210114352.0 | ||
| 010 | _aA-369914 | ||
| 020 | _c20.00 | ||
| 035 | _aA-369914 | ||
| 037 | _bCen Lib/Ret | ||
| 082 | _a954.084 | ||
| 100 | _aآزاد، ابُوالکلام | ||
| 245 |
_aتحریکِ آزادی / _cابُوالکلام آزاد |
||
| 246 |
_aTehreek-E-Azadi / _bby Abul Kalam Azad |
||
| 260 |
_aدہلی _bاعتقاد پبلشنگ ہاؤس _c1988 ء |
||
| 270 |
_aگلی کوتیا سویوالان _bدہلی _e110002 |
||
| 300 |
_a240p. _c18cm(Hb) |
||
| 650 | _aاردو ادب | ||
| 650 | _aہندوستانی تاریخ اور مسسلماں | ||
| 650 |
_v _aUrdu literature |
||
| 650 | _aIndian -- History and Muslim | ||
| 942 |
_2ddc _cUR _h954.084 _mا ب و |
||